| 000 | 00441nam a2200181 a 4500 | ||
|---|---|---|---|
| 001 | 2821 | ||
| 003 | CO-ViMGA | ||
| 008 | 141112s2004 ck r 000 u spa d | ||
| 040 |
_aCO-ViMGA _bspa _cCO-ViMGA |
||
| 082 | 0 | 4 | _a813.54 T437ch |
| 100 | 1 | _aTheroux, Paul | |
| 245 | 1 | 0 | _aChicago loop |
| 260 |
_aBarcelona : _bTusquets, _c1991 |
||
| 300 | _a217 p | ||
| 490 | _aAndanzas, 139 | ||
| 650 | 1 | 4 |
_aNOVELA ESTADOUNIDENSE _9761 |
| 942 |
_2ddc _cBK |
||
| 999 |
_c14891 _d14891 |
||